000 00488cam a22001577a 4500
008 180718b1879 xxu||||| |||| 00| 0 eng d
082 _aT17x42 B736
100 _aBrassey, Thomas
245 _aForeign work and english wages
_cby Thomas Brassey
260 _aLondon
_bLongmans
_c1879
300 _a417p.
650 _aGreat Britain --Economic conditions
650 _aWages --Great Britain
650 _aLabor and laboring classes --Great Britain
650 _aIndustries --Great Britain
999 _c430627
_d430627